000 00416nam a22001217a 4500
008 110610t xxu||||| |||| 00| 0 eng d
010 _aSCCAF 19
245 _aSupreme Court Civil Appeal No. 6 of 1989 Francis Butagira Vs Deborah Namukasa.
260 _c1989
500 _aB.F.B. Bigumira
500 _aTaxation Ruling.
999 _c2608
_d2608